Statistics for Characters In The Walking Dead (Season 6)

Click here to take the quiz!

General Stats

  • This quiz has been taken 1,208 times
  • The average score is 16 of 20

Answer Stats

HintAnswer% Correct
Protagonist - Shaves beard, used to be a sheriffRick Grimes
100%
Son of the sheriff - Wears sheriff hatCarl Grimes
99%
Weapon of choice is crossbowDaryl Dixon
98%
Married and having a baby with Korean husbandMaggie Greene
98%
Sword lady - the other sheriff in AlexandriaMichonne
96%
Everyone thought he died but he hid under a bin and survivedGlenn Rhee
95%
Daughter of the sheriff - BabyJudith Grimes
95%
'Cooks a mean casserole' between murder spreesCarol Peletier
92%
Pacifist with a stickMorgan Jones
90%
Ex-military - strawberry blonde, weilds RPGAbraham Ford
88%
Rocks a mullet - smart but deceptiveEugene Porter
88%
Sister of Tyresse (who died in season 5)Sasha Williams
88%
Partner of strawberry blonde hunkRosita Espinosa
83%
Tries to create a prayer circle in AlexandriaGabriel Stokes
74%
Watched parents get eaten from the carEnid
70%
Leader of Alexandria - former congresswomanDeanna Monroe
64%
Blonde mother - widowed by sheriffJessie Anderson
57%
Taught to shoot by sheriff - steals bulletsRon Anderson
53%
Pulls a middle finger at sheriff while standing on a wallTara Chambler
48%
Ambitious grappling attemptSpencer Monroe
46%

Score Distribution

Percentile by Number Answered

Percent of People with Each Score

Your Score History

You have not taken this quiz